[Event "ESP-chT Rapid"]
[Site "Ciudad Real"]
[Date "2021.10.09"]
[Round "4.5"]
[White "Ramirez Diaz, Jose Ramon"]
[Black "Martin Fuentes, Alberto"]
[Result "0-1"]
[WhiteElo "2188"]
[BlackElo "2399"]
[PlyCount "74"]
[EventDate "2021.10.09"]
[EventType "team-swiss (rapid)"]
[EventRounds "9"]
[EventCountry "ESP"]
[SourceTitle "CBM 204 Extra"]
[Source "ChessBase"]
[SourceDate "2021.11.30"]
[SourceVersion "1"]
[SourceVersionDate "2021.11.30"]
[SourceQuality "1"]
[WhiteTeam "Tomelloso"]
[BlackTeam "Solvay"]
[WhiteTeamCountry "ESP"]
[BlackTeamCountry "ESP"]

1. e4 e6 2. d3 c5 3. Nc3 Nc6 4. g3 d6 5. Bg2 g6 6. Be3 Bg7 7. Qd2 Nd4 8. Nge2 Ne7 9. 0-0 0-0 10. Nd1 Rb8 11. Nc1 b5 12. c3 Ndc6 13. Bh6 b4 14. Bxg7 Kxg7 15. Ne3 bxc3 16. bxc3 Ba6 17. Ng4 Ng8 18. f4 Nce7 19. Ne2 f5 20. Ne3 Qa5 21. g4 fxe4 22. Bxe4 Nf6 23. Bg2 Bb7 24. f5 Bxg2 25. Kxg2 exf5 26. Nf4 Kh8 27. gxf5 gxf5 28. Rg1 Qb6 29. Kh3 d5 30. Qf2 Ng4 31. Nxg4 fxg4+ 32. Rxg4 Nf5 33. Rag1 Qh6+ 34. Kg2 d4 35. Kh1 Ne3 36. Rh4 Qc6+ 37. Rg2 Rb1+ 0-1

[Event "ESP-chT Rapid"]
[Site "Ciudad Real"]
[Date "2021.10.09"]
[Round "2.2"]
[White "Ramirez Diaz, Jose Ramon"]
[Black "Perez Candelario, Manuel"]
[Result "0-1"]
[WhiteElo "2188"]
[BlackElo "2586"]
[PlyCount "87"]
[EventDate "2021.10.09"]
[EventType "team-swiss (rapid)"]
[EventRounds "9"]
[EventCountry "ESP"]
[SourceTitle "CBM 204 Extra"]
[Source "ChessBase"]
[SourceDate "2021.11.30"]
[SourceVersion "1"]
[SourceVersionDate "2021.11.30"]
[SourceQuality "1"]
[WhiteTeam "Tomelloso"]
[BlackTeam "Extremadura Magic"]
[WhiteTeamCountry "ESP"]
[BlackTeamCountry "ESP"]

1. e4 c5 2. Nf3 e6 3. g3 b6 4. Bg2 Bb7 5. Nc3 d6 6. 0-0 Nf6 7. Re1 e5 8. d3 g6 9. Nd2 Bg7 10. Nc4 0-0 11. a4 h6 12. Be3 Kh7 13. f4 exf4 14. Bxf4 Ne8 15. Qd2 Nc6 16. Rf1 Ne5 17. Bxe5 dxe5 18. Nd5 Nc7 19. Nce3 h5 20. Nxc7 Qxc7 21. Nd5 Bxd5 22. exd5 Qd6 23. Rae1 f5 24. b3 a5 25. c4 Rae8 26. Re2 Bf6 27. Kh1 Kg7 28. Qe1 h4 29. g4 fxg4 30. Re4 h3 31. Rxg4 hxg2+ 32. Rxg2 Rh8 33. Qe4 Rh6 34. Rfg1 Bd8 35. Rf1 Rf8 36. Rxf8 Kxf8 37. Rf2+ Kg7 38. Qf3 Bf6 39. Qg4 Rh4 40. Qc8 Rf4 41. Re2 Be7 42. Kg2 Qf6 43. Qd7 Qg5+ 44. Kh1 0-1

[Event "ESP-chT CECLUB Div2"]
[Site "Linares"]
[Date "2021.08.12"]
[Round "5.7"]
[White "Ramirez Diaz, Jose Ramon"]
[Black "Navarro Ortiz de Orruno, Borja"]
[Result "1/2-1/2"]
[WhiteElo "2174"]
[BlackElo "2318"]
[PlyCount "72"]
[EventDate "2021.08.09"]
[EventType "team-swiss"]
[EventRounds "7"]
[EventCountry "ESP"]
[SourceTitle "CBM 203 Extra"]
[Source "ChessBase"]
[SourceDate "2021.09.30"]
[SourceVersion "1"]
[SourceVersionDate "2021.09.30"]
[SourceQuality "1"]
[WhiteTeam "Tomelloso"]
[BlackTeam "Beniajan Duochess CAC II"]
[WhiteTeamCountry "ESP"]
[BlackTeamCountry "ESP"]

1. e4 e6 2. d3 d5 3. Nd2 Nc6 4. Ngf3 e5 5. g3 Nf6 6. Bg2 dxe4 7. dxe4 Bc5 8. 0-0 0-0 9. Qe2 a5 10. Nc4 Qe7 11. Ne3 Nd4 12. Qd3 Rd8 13. Nxd4 Bxd4 14. c3 Bxe3 15. Qxe3 b6 16. Re1 Ba6 17. f3 Nd7 18. Bf1 Bxf1 19. Rxf1 Nc5 20. Qe2 Rd7 21. Be3 Rad8 22. Rfd1 Na4 23. Rxd7 Qxd7 24. Rc1 Qd3 25. Rc2 Qxe2 26. Rxe2 Rd1+ 27. Kg2 Kf8 28. Rc2 Rd3 29. Kf2 Rd1 30. b3 Nc5 31. Bxc5+ bxc5 32. Ke2 Rh1 33. Kd3 Rf1 34. Ke2 Rh1 35. Kd3 Rf1 36. Ke2 Ra1 1/2-1/2

[Event "ESP-ch 84th"]
[Site "Marbella"]
[Date "2019.11.24"]
[Round "9"]
[White "Ramirez Diaz, Jose Ramon"]
[Black "Sosa Suarez, Carla Cristina"]
[Result "0-1"]
[WhiteElo "2171"]
[BlackElo "2022"]
[PlyCount "80"]
[EventDate "2019.11.16"]
[EventType "swiss"]
[EventRounds "9"]
[EventCountry "ESP"]
[SourceTitle "CBM 193 Extra"]
[Source "ChessBase"]
[SourceDate "2020.01.31"]
[SourceVersion "1"]
[SourceVersionDate "2020.01.31"]
[SourceQuality "1"]

1. e4 e6 2. d3 d5 3. Nd2 c5 4. Ngf3 Nc6 5. g3 Nf6 6. Bg2 Be7 7. 0-0 b6 8. Re1 Bb7 9. c3 h6 10. e5 Nd7 11. d4 Qc7 12. a3 g5 13. h3 0-0-0 14. b4 c4 15. a4 Rdg8 16. Ba3 Qd8 17. Nh2 h5 18. Qe2 Kb8 19. Nxc4 dxc4 20. Qxc4 Qc7 21. b5 Bxa3 22. bxc6 Be7 23. d5 Nxe5 24. Rxe5 Qxe5 25. cxb7 Bc5 26. Nf1 Rd8 27. dxe6 fxe6 28. Ra2 Rhf8 29. Re2 Qf6 30. Qa2 h4 31. g4 Rd3 32. c4 Qf4 33. Qc2 Ra3 34. Rxe6 Qxf2+ 35. Qxf2 Bxf2+ 36. Kh1 Rxa4 37. Bd5 Ra1 38. Kg2 Bc5 39. Ne3 Re1 40. Nf5 Rxe6 0-1

[Event "ESP-ch 84th"]
[Site "Marbella"]
[Date "2019.11.20"]
[Round "5"]
[White "Ramirez Diaz, Jose Ramon"]
[Black "Merario Alarcon, Andres"]
[Result "0-1"]
[WhiteElo "2171"]
[BlackElo "2394"]
[PlyCount "56"]
[EventDate "2019.11.16"]
[EventType "swiss"]
[EventRounds "9"]
[EventCountry "ESP"]
[SourceTitle "CBM 193 Extra"]
[Source "ChessBase"]
[SourceDate "2020.01.31"]
[SourceVersion "1"]
[SourceVersionDate "2020.01.31"]
[SourceQuality "1"]

1. e4 c5 2. Nf3 d6 3. d4 cxd4 4. Nxd4 Nf6 5. Nc3 a6 6. Qe2 e5 7. Nf5 d5 8. Bg5 d4 9. 0-0-0 Nc6 10. Qf3 Qa5 11. Bxf6 dxc3 12. Nxg7+ Bxg7 13. Bxg7 Rg8 14. Qf6 cxb2+ 15. Kxb2 Qb4+ 16. Kc1 Qa3+ 17. Kd2 Qa5+ 18. Ke3 Qc5+ 19. Kd2 Bg4 20. f3 Rd8+ 21. Bd3 Be6 22. Rhe1 Nb4 23. Rc1 Nxa2 24. Rb1 Nb4 25. Rb2 Nxd3 26. cxd3 Qa3 27. Reb1 Qxd3+ 28. Ke1 Qe3+ 0-1

[Event "ESP-ch 84th"]
[Site "Marbella"]
[Date "2019.11.19"]
[Round "4"]
[White "Valmana Canto, Jaime"]
[Black "Ramirez Diaz, Jose Ramon"]
[Result "1/2-1/2"]
[WhiteElo "2416"]
[BlackElo "2171"]
[PlyCount "216"]
[EventDate "2019.11.16"]
[EventType "swiss"]
[EventRounds "9"]
[EventCountry "ESP"]
[SourceTitle "CBM 193 Extra"]
[Source "ChessBase"]
[SourceDate "2020.01.31"]
[SourceVersion "1"]
[SourceVersionDate "2020.01.31"]
[SourceQuality "1"]

1. c4 g6 2. Nc3 Bg7 3. d4 c5 4. d5 d6 5. e4 Nf6 6. h3 Na6 7. Nf3 0-0 8. Bd3 Bd7 9. 0-0 Rb8 10. Bf4 Nc7 11. a4 a6 12. e5 Nfe8 13. Qe2 b5 14. axb5 axb5 15. cxb5 dxe5 16. Nxe5 Bxe5 17. Qxe5 Nd6 18. Rfe1 Re8 19. Ra7 f6 20. Qe3 c4 21. Bxc4 Nxc4 22. Qc5 Nxb5 23. Nxb5 e5 24. dxe6 Bxb5 25. Bxb8 Qxb8 26. Rea1 Qe5 27. Qxe5 Nxe5 28. Ra8 Kf8 29. Rxe8+ Bxe8 30. Ra7 h5 31. b4 Nc6 32. Rb7 Nd4 33. e7+ Kf7 34. f3 h4 35. Kf2 Ke6 36. Ke3 Nf5+ 37. Kd3 Nxe7 38. Kd4 Kd6 39. Rb6+ Nc6+ 40. Kc4 Bf7+ 41. Kb5 Bd5 42. Ka6 Ke5 43. b5 Nd4 44. f4+ Kxf4 45. Rxf6+ Ke3 46. b6 Bxg2 47. Rxg6 Bh1 48. b7 Bxb7+ 49. Kxb7 Nf3 50. Kc7 Kf2 51. Rg4 Ne5 52. Rxh4 Kg3 53. Rh5 Nf3 54. Kd6 Nh4 55. Ke5 Nf3+ 56. Ke4 Nh4 57. Rh7 Ng2 58. Rh8 Nh4 59. Rg8+ Kxh3 60. Kf4 Ng2+ 61. Kf3 Nh4+ 62. Kf2 Nf5 63. Rg5 Nh4 64. Rg7 Nf5 65. Rg8 Nh4 66. Rg3+ Kh2 67. Ra3 Ng2 68. Rb3 Nh4 69. Rg3 Nf5 70. Rg4 Kh3 71. Rg8 Nh4 72. Rg5 Kh2 73. Ke3 Kh3 74. Rg8 Ng2+ 75. Ke4 Nh4 76. Rg7 Ng2 77. Kf3 Nh4+ 78. Kf4 Ng2+ 79. Kf5 Nh4+ 80. Kf6 Ng2 81. Rg8 Nh4 82. Kg5 Ng2 83. Ra8 Kg3 84. Ra3+ Kf2 85. Kf5 Ne3+ 86. Ke4 Ng2 87. Rf3+ Ke2 88. Rf8 Ne3 89. Ra8 Nc2 90. Rd8 Ne1 91. Rd7 Nc2 92. Rd6 Ne1 93. Rh6 Kd2 94. Rh3 Nc2 95. Rb3 Ne1 96. Rg3 Nc2 97. Rd3+ Ke2 98. Rh3 Kd2 99. Rh2+ Kc3 100. Rh8 Kd2 101. Rh3 Ne1 102. Rh2+ Kc3 103. Rh7 Nc2 104. Rh1 Nb4 105. Rc1+ Nc2 106. Rg1 Nb4 107. Rg8 Nc2 108. Rc8+ Kd2 1/2-1/2

[Event "ESP-chT CECLUB Div2"]
[Site "Linares"]
[Date "2017.08.09"]
[Round "2.4"]
[White "Ramirez Diaz, Jose Ramon"]
[Black "Gutierrez Olivares, Daniel"]
[Result "0-1"]
[WhiteElo "2167"]
[BlackElo "2349"]
[PlyCount "66"]
[EventDate "2017.08.08"]
[EventType "team"]
[EventRounds "7"]
[EventCountry "ESP"]
[SourceTitle "CBM 179 Extra"]
[Source "ChessBase"]
[SourceDate "2017.08.23"]
[SourceVersion "1"]
[SourceVersionDate "2017.08.23"]
[SourceQuality "1"]
[WhiteTeam "Tomelloso"]
[BlackTeam "Grandama Santa Lucia"]
[WhiteTeamCountry "ESP"]
[BlackTeamCountry "ESP"]

1. e4 e6 2. d3 d5 3. Nd2 Nf6 4. Ngf3 Be7 5. g3 0-0 6. Bg2 a5 7. 0-0 a4 8. c3 c5 9. Re1 Nc6 10. e5 Nd7 11. Nf1 b5 12. c4 Nb6 13. cxb5 Na7 14. h4 Nxb5 15. N1h2 a3 16. bxa3 Bd7 17. Ng4 Nxa3 18. Bg5 Ba4 19. Qd2 Nc2 20. Bf6 Nd7 21. Bxg7 Kxg7 22. Qh6+ Kh8 23. Ng5 Bxg5 24. hxg5 Rg8 25. f4 Nxe1 26. Rxe1 Bc2 27. Bf1 Rxa2 28. Nf6 Nxf6 29. exf6 c4 30. Re2 Bb1 31. Re1 Bxd3 32. g4 Qb6+ 33. Kh1 Qf2 0-1

[Event "ESP-chT CECLUB Div2"]
[Site "Padron"]
[Date "2015.08.04"]
[Round "1.2"]
[White "Ramirez Diaz, Jose Ramon"]
[Black "Loeffler, Stefan"]
[Result "1/2-1/2"]
[WhiteElo "2166"]
[BlackElo "2382"]
[PlyCount "75"]
[EventDate "2015.08.04"]
[EventType "team"]
[EventRounds "6"]
[EventCountry "ESP"]
[SourceTitle "EXT 2016"]
[Source "ChessBase"]
[SourceDate "2015.10.08"]
[SourceVersion "1"]
[SourceVersionDate "2015.10.08"]
[SourceQuality "1"]
[WhiteTeam "Tomelloso"]
[BlackTeam "Villalba 64"]
[WhiteTeamCountry "ESP"]
[BlackTeamCountry "ESP"]

1. e4 e5 2. Bc4 Nf6 3. d3 Nc6 4. Nc3 Na5 5. Qf3 Nxc4 6. dxc4 d6 7. h3 Be6 8. b3 Nd7 9. Nge2 g6 10. 0-0 Bg7 11. Bb2 0-0 12. Nd5 f5 13. exf5 gxf5 14. Qg3 Nc5 15. f4 Ne4 16. Qe1 b5 17. Rd1 bxc4 18. fxe5 cxb3 19. cxb3 dxe5 20. Nb6 axb6 21. Rxd8 Rfxd8 22. Nc3 Nc5 23. Qe2 Nd3 24. Ba1 Rd7 25. Nd1 Nc1 26. Qe3 Nd3 27. Nf2 Rad8 28. Nxd3 Rxd3 29. Qg5 Kf7 30. g4 Rg3+ 31. Kh2 Rdd3 32. Qh5+ Kf8 33. gxf5 Bd5 34. Rf2 Bf6 35. Qxh7 Rd1 36. Kxg3 Rg1+ 37. Kh2 Rh1+ 38. Kg3 1/2-1/2

[Event "ESP-chT2 Gr2"]
[Site "Granada"]
[Date "2010.08.05"]
[Round "2"]
[White "Ramirez Diaz, Jose Ramon"]
[Black "Rios del Moral, Roberto Neftali"]
[Result "1-0"]
[WhiteElo "2152"]
[BlackElo "2159"]
[PlyCount "83"]
[EventDate "2010.08.04"]
[EventType "team-tourn"]
[EventRounds "6"]
[EventCountry "ESP"]
[SourceTitle "CBM 137 Extra"]
[Source "ChessBase"]
[SourceDate "2010.09.01"]
[SourceVersion "1"]
[SourceVersionDate "2010.09.01"]
[SourceQuality "1"]

1. e4 d5 2. exd5 Qxd5 3. Nc3 Qd8 4. Nf3 Nf6 5. d4 a6 6. Bc4 b5 7. Bb3 c5 8. dxc5 Qxd1+ 9. Nxd1 Bb7 10. a4 b4 11. c3 bxc3 12. Nxc3 e6 13. Be3 Nbd7 14. Bc4 Bxc5 15. Bxc5 Nxc5 16. Ke2 Ke7 17. h3 Rhc8 18. Rhc1 Ncd7 19. Bd3 Rab8 20. Rc2 Nc5 21. Bc4 Nce4 22. Nd1 Nd6 23. Bd3 Rxc2+ 24. Bxc2 a5 25. g3 Nd5 26. Bd3 Nb4 27. Nd2 Bd5 28. Rc1 Rb7 29. Rc5 Ra7 30. Nc3 Kd8 31. Nxd5 Nxd5 32. Nb3 Nb7 33. Rc1 Nb6 34. Nd4 Ra8 35. Be4 Nd5 36. Bxd5 exd5 37. Nf5 Kd7 38. Nxg7 Ra6 39. Nh5 Rb6 40. Rc2 Kd6 41. Nf6 Ke5 42. Nd7+ 1-0

[Event "Valencia Real Provincial-ch"]
[Site "Ciudad Real"]
[Date "2010.04.11"]
[Round "2.4"]
[White "Ramirez Diaz, Jose Ramon"]
[Black "Sanchez Ruiz, Alberto"]
[Result "1-0"]
[WhiteElo "2161"]
[BlackElo "1687"]
[PlyCount "60"]
[EventDate "2010.04.11"]
[EventType "swiss"]
[EventRounds "6"]
[EventCountry "ESP"]
[SourceTitle "EXT 2024"]
[Source "ChessBase"]
[SourceDate "2023.10.10"]
[SourceVersion "1"]
[SourceVersionDate "2023.10.10"]
[SourceQuality "1"]

1. e4 c5 2. Nf3 d6 3. d4 cxd4 4. Nxd4 Nf6 5. Nc3 a6 6. f3 e6 7. Be3 Be7 8. Qd2 Qc7 9. 0-0-0 Nc6 10. g4 h6 11. h4 Bd7 12. Rg1 0-0-0 13. Qf2 Rdg8 14. g5 hxg5 15. hxg5 Nh5 16. g6 fxg6 17. Rxg6 Bf6 18. f4 Nxf4 19. Rxf6 gxf6 20. Nxc6 Bxc6 21. Qxf4 d5 22. Qxf6 Re8 23. Bf4 Qe7 24. Qe5 Ref8 25. exd5 Rxf4 26. Qxf4 exd5 27. Qf5+ Kb8 28. Nxd5 Bxd5 29. Qxd5 Qe3+ 30. Qd2 Qe6 1-0

[Event "La Roda op 32nd"]
[Site "La Roda"]
[Date "2005.03.26"]
[Round "6"]
[White "Cruz Ravina, Francisco Javier"]
[Black "Ramirez Diaz, Jose Ramon"]
[Result "1/2-1/2"]
[WhiteElo "2325"]
[BlackElo "2062"]
[PlyCount "106"]
[EventDate "2005.03.23"]
[EventType "swiss"]
[EventRounds "9"]
[EventCountry "ESP"]
[SourceTitle "CBM 105 Extra"]
[Source "ChessBase"]
[SourceDate "2005.05.01"]
[SourceVersion "1"]
[SourceVersionDate "2005.05.01"]
[SourceQuality "1"]

1. Nf3 g6 2. e4 d6 3. g3 Nf6 4. d3 Bg7 5. Bg2 0-0 6. 0-0 e5 7. Nc3 a6 8. Ne1 Nc6 9. Kh1 b5 10. a3 Bb7 11. f4 Nd4 12. Nf3 Nxf3 13. Bxf3 exf4 14. Bxf4 Re8 15. Qd2 Qd7 16. Rae1 c5 17. Bg2 d5 18. Bg5 Ng4 19. Nxd5 Bxd5 20. exd5 h6 21. Bf4 g5 22. Be3 Nxe3 23. Rxe3 Rxe3 24. Qxe3 Bd4 25. Qc1 Re8 26. c3 Bg7 27. Re1 Rxe1+ 28. Qxe1 Kf8 29. Be4 Be5 30. Qf2 Qd6 31. Kg2 Ke7 32. Qf5 a5 33. Qc8 b4 34. axb4 axb4 35. d4 cxd4 36. c4 Qc7 37. Qxc7+ Bxc7 38. c5 Bb8 39. Kf3 Ba7 40. d6+ Kd7 41. Bf5+ Kc6 42. d7 Kc7 43. c6 Bb6 44. Be4 d3 45. b3 Kd6 46. Bxd3 Kxc6 47. Bf5 h5 48. h3 Kd5 49. Bd3 Kc6 50. Bf5 Kd5 51. g4 h4 52. Bd3 Kc6 53. Bc4 Kxd7 1/2-1/2

[Event "La Roda op 32nd"]
[Site "La Roda"]
[Date "2005.03.24"]
[Round "3"]
[White "Ramirez Diaz, Jose Ramon"]
[Black "Garcia Fernandez, Carlos"]
[Result "0-1"]
[WhiteElo "2062"]
[BlackElo "2356"]
[PlyCount "76"]
[EventDate "2005.03.23"]
[EventType "swiss"]
[EventRounds "9"]
[EventCountry "ESP"]
[SourceTitle "CBM 105 Extra"]
[Source "ChessBase"]
[SourceDate "2005.05.01"]
[SourceVersion "1"]
[SourceVersionDate "2005.05.01"]
[SourceQuality "1"]

1. e4 d6 2. d4 Nf6 3. Nc3 e5 4. dxe5 dxe5 5. Qxd8+ Kxd8 6. Bc4 Be6 7. Bxe6 fxe6 8. Be3 Bd6 9. 0-0-0 Ke7 10. Nf3 a6 11. h3 b5 12. a3 Nc6 13. Ne1 Rhb8 14. Nd3 Nd7 15. h4 Na5 16. f3 Nc4 17. Bf2 c6 18. Nb1 a5 19. Nd2 Ncb6 20. Nb3 b4 21. axb4 axb4 22. Kd2 Na4 23. Ra1 c5 24. Rxa4 Rxa4 25. Nbxc5 Ra2 26. Nxd7 Kxd7 27. b3 Rc8 28. Rc1 Rc3 29. g3 Rxb3 30. Be1 Rc3 31. Kd1 Rc4 32. Rb1 Rcxc2 33. Nxb4 Bxb4 34. Rxb4 Rg2 35. Rb1 Rg1 36. Rc1 h5 37. Rb1 g6 38. Rc1 Rf1 0-1